000 00847nam a2200289 4500
001 30752
003 BD-RjUL
005 20211209051618.0
008 140412s1985 enk b 001 0 eng d
020 _a0521253438 (hbk)
020 _a052131481X (pbk)
035 _a(BD-RjUL)30839
040 _aBD-RjUL
_beng
_cBD-RjUL
_dBD-RjUL
041 _aeng
082 0 0 _a113
_bARW 1985
100 1 _aArmstrong, D. M.
_q(David Malet),
_d1926-
_93161
245 1 0 _aWhat is a law of nature? /
_cD.M. Armstrong.
260 _aCambridge :
_bCambridge University Press,
_cc19835
300 _ax, 180 p. ;
_c22 cm.
504 _aBibliography: p. 174-176.
504 _aIncludes index
650 0 _aPhilosophy of nature.
_93291
830 0 _aCambridge studies in philosophy
_993471
942 _2ddc
_cBK
999 _c30752
_d30752